Focus sur: Bogrod - Harry Potter - Statistiques

Statistiques générales
  • Ce quiz a été pris 49 fois
  • Le résultat moyen est 5 sur 6
Statistiques - réponses
Informations recherchées Réponses % Correct
Lieu de rencontre avec Harry Potter Gringotts
95%
Couleur des cheveux Blanc
93%
Profession Employé chez Gringotts
93%
Espèce Gobelin
91%
Première apparition Harry Potter et les Reliques de la Mort
91%
Acteur l'interprétant dans les films Jon Key
14%
Aucun quiz correspondant
Distribution des résultats
% des personnes avec chaque résultat
Percentile par nombre de réponses
Votre historique - résultats
Vous n’avez pas pris ce quiz